000 05210nam a2200349 i 4500
003 DO-SdAGN
005 20260520153318.0
007 ta
008 260520e20002025dr ||||gro||||||0 |bspa ||spa|
020 _a9789945251371.
040 _aDO-SdAGN
_cDO-SdAGN
_dDO-SdBNP
_erda
_bspa
041 _aspa
082 0 _aRD 923.1
_2C355o 2025
_b22
100 4 _914470
_aCastro, Víctor Manuel de
_d1872-1924
_eautor
245 0 _aDel ostracismo, cosas de Lilís y otras cosas /
_cVíctor M. de Castro ; editor Andrés Blanco Díaz ; investigación y cuidado de edición Andrés Blanco Díaz ; diagramación y diseño de portada Editorial Santuario
250 4 _aPrimera edición
260 4 _aSanto Domingo, R.D. :
_bArchivo General de la Nación,
_c2025
300 4 _a416 páginas ;
_c23 x 15 cm.
336 _atexto
_btxt
_2rdacontent
337 _asin mediación
_bn
_2rdamedia
338 _avolumen
_bn
_2rdacarrier
490 _aArchivo General de la Nación ;
_vvolumen 537.
500 4 _aIncluye índice onomástico
505 0 _aPresentación, por Andrés Blanco Díaz 15 -- MARCHA DEL GRAL. MIGUEL FEBLES DESDE EL DUEY HASTA EL OZAMA : Al general Miguel Febles 21 -- DEL OSTRACISMO : Siluetas de jóvenes dominicanos. Bustos femeninos. Artículos varios Al Pbro. Francisco Xavier Billini 33 -- A la juventud dominicana 35 -- Siluetas de jóvenes dominicanos Miguel Ángel Garrido 37 -- Gastón F. Deligne 41 -- Manuel Arturo Machado 43 -- Elías Brache, hijo 45 -- Enrique Deschamps 49 -- Fernando A. Defilló 51 -- Joaquín E. Salazar 53 -- Manuel F. Cestero 57 -- Octavio A. Acevedo 59 -- Manuel Ubaldo Gómez 61 -- Manuel María Sanabia 65 -- Jacinto B. Peynado 67 -- Juan Cherí Victoria 69 -- Abelardo Rodríguez Urdaneta 73 -- Pbro. Rafael C. Castellanos 77 -- Carlos F. de Moya 81 -- Maximiliano Henríquez y Ureña, Porfirio Herrera y Luis Cohén 83 -- Andrés Julio Montolío 87 -- Bustos femeninos 91 -- Bustos femeninos Ana Rita Sama 91 -- María Roger 93 -- Angelita Vilella 95 -- Carmencita Catell 97 -- Esperancita Casanovas 99 -- Silverina Pérez 101 -- Artículos varios 4 de julio de 1776 103 -- Eugenio M. de Hostos. Con motivo del primer aniversario de su muerte 105 -- Tu sombrero negro 109 -- 16 de Agosto 111 -- Carta a Nerón 115 -- Toque de rebato 119 -- El alma de las aguas 123 -- A una bandera 125 -- POR LA VERDAD Y POR LA PATRIA Actualidad de la República Dominicana 129 -- Muerte del presidente Cáceres, sus causas y sus efectos 131 -- Gobierno interino del presidente Eladio Victoria 135 -- Arrojo del general Morales, su captura 139 -- COSAS DE LILÍS Preámbulo 145 -- Prólogo 147 -- Notas biográficas del general Ulises Heureaux (Lilís) 151 -- Anécdotas y relatos 157-217 -- CARTAS FRANCAS Y NO TAN FRANCAS -- Carta a Nerón (del libro Cartas francas) 223 -- Epístola ingenua 227 -- Carta a Lucrecia (del libro Cartas francas) 231 -- Carta sincera 235 -- Junta Erectora de la Tumba del Maestro 239 -- Carta azul (Del libro Cartas francas) 241 -- Carta helénica (Del libro Cartas francas) 245 -- Desde lejos 249 -- Carta a Bossuet (Del libro Cartas francas) 253 -- Carta abierta 257 -- Una carta importante 265 -- Algo importantísimo. ¡Sublime idea! 267 -- La Avenida Bolívar (de El Universal, de Caracas) 271 -- Nuevo cultivo. Carta de un encargado de negocios 273 -- La sarrapia (Haba tonka) 275 -- A Sócrates Nolasco 279 -- OTRAS COSAS ¡Pobre Mariano! 283 -- 26 de julio 285 -- ¡Imposiciones, no! 289 -- II 289 -- III 290 -- 19 de Marzo 293 -- En la brecha 297 -- Discurriendo 299 -- Un paréntesis 301 -- Antaño y ogaño 303 -- En la brecha 305 -- En la brecha 309 -- En la brecha 311 -- En la brecha 313 -- A Ivanhoe 315 -- ¡Perdonar! 317 -- Confesión 319 -- Inri 323 -- Fiat lux 327 -- Ante la historia 329 -- Fernando A. de Meriño. Arzobispo y dictador 331 -- De mis añoranzas 335 -- Perfiles socorenses 339 -- Crónica triste. Silvio Pellerano 341 -- Juvenilia y Criollas 343 -- Miguel Ángel Garrido 347 -- Mensajera 349 -- Sobre la estela 351 -- Cuentos frágiles 353 -- ¡Inmigración y paz! 355 -- Arrojo del general Morales, su captura 359 -- ¡Al país! 363 -- ¡Al país! 367 -- ¿Delegado? 371 -- II 372 -- III 374 -- Luis Tejera 377 -- Príncipe Rubio (Pirulí Ricart) 379 -- Barahona 381 -- Paralelo entre Duarte y Núñez de Cáceres 383 -- De los tiempos gloriosos 387 -- Víctor M. de Castro 389 -- El padre Nicolás (episodio histórico) 389 -- Prólogo 393 -- Ignorado y genial (Rodolfo García) 397 -- ¡Calla, Hermana! 401 -- Índice onomástico 403
520 _aCon la recopilación de los escritos de Víctor Manuel de Castro se rinde homenaje a este dominicano ejemplar en el centenario de su nacimiento, quien tuvo como fundamento de una gran parte de sus escritos sus propias convicciones radicales en la sociedad dominicana.
590 _aInventariado, 2026/WG.
600 _aHeureaux, Ulises, 1845-1899
_xAnécdota, Chistes, Sátiras, etc.
_9113413
651 _aRepública Dominicana
_xHistoria
_y1844-1930
_9101166
700 _914472
_aBlanco Díaz, Andrés
_eeditor
_einvestigación
_ecuidado de edición
710 _aEditorial Santuario
_ediagramación
_ediseño de portada
_963835
942 _2ddc
_cLBS1
999 _c60795
_d60795